Как да отгледате удивително дете (Запис номер 323017)
[ съкратено ]
| 000 -Лидер | |
|---|---|
| Контролно поле с фиксирана дължина | 01650aam a2200325 a 4500 |
| 003 - Код на организацията, давaща контролен номер | |
| Контролно поле | BLK |
| 005 - Дата и час на последна редакция | |
| Контролно поле | 20250722132133.0 |
| 008 - Елементи от данни с фиксирана дължина | |
| fixed length control field | 181011b bu ||||| |||| 00| 0 bu d |
| 020 ## - Международен стандартен номер на книга ISBN | |
| Международен стандартен номер на книга ISBN | 978-619-195-099-7 |
| 040 ## - Източник на каталожния запис | |
| Идентификатор на билиотеката - собственик на записа | BLK |
| 041 ## - Код за език | |
| Код за езика на текст/звукозапис или на отделно заглавие | Български |
| Код за езика КДБФ | Български |
| 080 ## - УДК | |
| Текстов определител УДК | Възпитание. Образование. Просвета. Организация на свободното време. Вж и 003;021. 3;159. 9;612;613;727 |
| УДК код - определител по УДК | 37 |
| УДК - код + определител | 37 |
| 100 ## - Редна дума - Автор | |
| Автор | Селдин, Тим |
| Авторска отговорност | първи автор |
| R(LIN) | 1299 |
| 139 ## - Редно поле | |
| Редна дума | Селдин, Тим |
| Авторски знак | Сек - С 31 |
| 245 ## - Сведения за заглавието | |
| Заглавие | Как да отгледате удивително дете |
| Подзаглавни данни | Методът "Монтесори" |
| Редно поле (дума) | Тим Селдин |
| 260 ## - Област на издателските данни | |
| Име на издателя, разпространителя и проч. | Книгомания |
| Година на издаване | 2016 |
| Място на издаване, разпространение и проч. | София |
| 300 ## - Физическа характеристика | |
| Страници | 192 с. |
| Илюстрации и др. | с цв. ил., портр. |
| Размери/Мащаб | 24 см |
| 380 ## - Жанр | |
| Жанр | Обществени науки |
| 500 ## - Общи забележки | |
| Забележка | Името на прев. отбелязано на гърба на загл. с. - Азб. показалец. - Авт. е председател на фондация "Монтесори", САЩ |
| 650 #0 - Допълнително описание по предмет – тема | |
| 9 (RLIN) | 265379 |
| Основно описание – тема или топоним | Четене - методика на преподаването |
| 650 #7 - Допълнително описание по предмет – тема | |
| 9 (RLIN) | 167591 |
| Основно описание – тема или топоним | Предучилищно възпитание - съдържание и форми |
| 650 #7 - Допълнително описание по предмет – тема | |
| 9 (RLIN) | 153269 |
| Основно описание – тема или топоним | Деца, предучилищна възраст - отглеждане и психология |
| 653 #7 - Ключова дума – ненормативна | |
| 9 (RLIN) | 190909 |
| Ключова дума | метод на М. Монтесори |
| 653 #7 - Ключова дума – ненормативна | |
| 9 (RLIN) | 184832 |
| Ключова дума | детска психология |
| 653 #7 - Ключова дума – ненормативна | |
| 9 (RLIN) | 183705 |
| Ключова дума | възпитание |
| 700 ## - Други автори (авторска отговорност) | |
| 9 (RLIN) | 966 |
| Лично име | Мис Ина |
| Автороска отговорност (Описва отношението между автора и произведението) | прев. |
| 999 ## - СИСТЕМНИ КОНТРОЛНИ НОМЕРА | |
| Koha biblionumber | 323017 |
| Koha biblioitemnumber | 323017 |
| 942 ## - АРТИКУЛИ | |
| Вид на библиотечния материал | Книги |
| Източник на класификационната схема | Universal Decimal Classification |
| Скрит в OPAC | Не |
| Koha issues (borrowed), all copies | 18 |
| 999 ## - СИСТЕМНИ КОНТРОЛНИ НОМЕРА | |
| Koha biblioitemnumber | 323017 |
| 944 ## - СЪЗДАВАНЕ И РЕДАКЦИЯ на ЗАПИСА | |
| Служител, извършил регистрацията/редакцията | 30545 |
| Статус, дата на статуса | Нора Радева |
| Код за отписване | Код за изгубен артикул | Източник на класификационната схема | Код за повреда | Код за отдаване | Артикулен № | Име на библиотеката - собственик | Име на библиотеката, в която се намира в момента | Статус (Текущо местоположение) | Дата на вписване в системата | Местоположение - отдел | Цена в лева | Инвентарен номер | Систематично азбучна сигнатура | Баркод | Цена в евро | Служебен тип на артикула |
|---|---|---|---|---|---|---|---|---|---|---|---|---|---|---|---|---|
| Не е изгубен | Universal Decimal Classification | Не е повреден | заемане за дома | 677685 | Регионална библиотека "Любен Каравелов" Русе | Регионална библиотека "Любен Каравелов" Русе | Заемна - подръчен фонд | 2018-06-19 | Заемна - подръчен фонд | 24.00 | 120000821432 | П 37/С 31 | 120000821432 | 12.27 | Книги |